Portugal - Tout les joueurs depuis 2010 - Statistiques

Statistiques générales
  • Ce quiz a été pris 199 fois
    10 depuis la dernière actualisation
  • Le résultat moyen est 72 sur 136
Statistiques - réponses
Période
De
Sélection
Joueur Clubs Nombre
De
Séléctions
Poste % Correct
2014 - 2018 AdrienSilva Sporting - Maccabi Haifa - Academica Coimbra - Sporting - Leicester - Monaco - Sampdoria - Al Wahda - Rio Ave 26 M
100%
2016 - 2022 AndreSilva Porto - Milan - Seville - Eintracht Frankfurt - Rb Leipzig - Real Sociedad - Rb Leipzig - Werder Breme - Elche 53 A
100%
2022 - AntonioSilva Benfica 17 D
100%
2015 - BernardoSilva Benfica - Monaco - Manchester City 107 M
100%
2003 - CristianoRonaldo Sporting Lisbonne - Manchester United - Real Madrid - Juventus - Manchester United - Al Nassr 226 A
100%
2020 - 2025 DigoJota Pacos Ferreira - Porto - Wolverhampton - Liverpool 49 A
100%
2024 - FabioSilva Porto - Wolverhampton - Anderlecht - Psv - Wolverhampton -Glasgow Rangers - Las Palmas - Borussia Dortmund 1 A
100%
2016 - JoaoCancelo Benfica - Valence - Inter - Juventus - Manchester City - Bayern Munich - Barcelone - Al Hilal 64 D
100%
2005 - 2022 JoaoMoutinho Sporting Lisbonne - Porto - Monaco - Wolverhampton - Braga 146 M
100%
2023 - JoaoNeves Benfica - Psg 20 M
100%
2023 - Jose Sa Maritimo - Porto - Olympiakos - Wolverhampton 3 G
100%
2024 - 2024 JotaSilva Sousence - Espinho - Leixoes - Casa Pia - Vitoria Guimaraes - Nottingham Forrest 2 A
100%
2006 - 2017 Nani Sporting Lisbonne - Manchester United - Sporting Lisbonne - Fenerbahce - Valence - Lazio - Sporting Lisbonne - Orlando - Venezia - Melbourne Victory - Adana Demirspor - Estrela Amadora 112 A
100%
2007 - 2024 Pepe Maritimo - Porto - Real Madrid - Besiktas - Porto 141 D
100%
2014 - 2021 Rafa Silva Feirense - Braga - Benfica - Besiktas 25 A
100%
2016 - 2021 RenatoSanches Benfica - Bayern Munich - Swansea - Bayern Lunich - Losc - Psg - Roma - Benfica - Panathinaikos 32 M
100%
2018 - RubenDias Benfica - Manchester City 74 D
100%
2015 - RubenNeves Porto - Wolverhampton - Al Hilal 63 M
100%
2010 - 2024 Rui Patricio Sporting Lisbonne - Wolverhampton - Roma - Atalanta - Al Ain 108 G
100%
2021 - 2021 RuiSilva Cd Nacional - Granada - Betis Seville - Sporting Lisbonne 1 G
100%
2022 - Vitinha Porto - Wolverhampton - Porto - Psg 35 M
100%
2017 - BrunoFernandes Novara - Udinese - Sampdoria - Sporting Lisbonne - Manchester United 85 M
89%
2015 - 2024 DaniloPereira Parma - Aris Salonique - Parma - Roda Jc - Maritimo - Porto - Psg - Al Itthiad 74 D/M
89%
2021 - DiogoCosta Porto 42 G
89%
2018 - 2018 GedsonFernandes Benfica - Tottenham - Galatasary - Benfica - Rizespor - Besiktas - Spartak Moscou 2 M
89%
2018 - 2018 HelderCosta Benfica B - La Corogne - Monaco - Wolverhampton - Leeds - Valence - Al Itthiad - Estoril Praia 1 A
89%
2010 -2014 JoaoPereira Benfica - Gil Vicente - Braga - Sporting Lisbonne - Valence - Hannover - Sporting Lisbonne - Trabzonspor - Sporting Lisbonne 40 D
89%
2005 - 2018 ManuelFernandes Benfica - Portsmouth - Everton - Valence - Everton - Valence - Besiktas - Lokomotiv Moscou - Ruban Krasnodar - Kayserispor - Appolon Smyrnis - Sepahan 15 M
89%
2021 - NunoMendes Sporting Lisbonne - Psg 41 D
89%
2002 - 2010 PedroMendes Felgueiras - Vitoria Guimaraes - Porto - Tottenham - Portsmouth - Glasgow Rangers - Sporting Lisbonne - Vitoria Guimaraes 12 M
89%
2018 - 2018 PedroMendes Servette - Real Madrid Castilla - Sporting - Parma - Sassuolo - Parma - Rennes - Montpellier - Cf Estrela - Fc Dila 1 D
89%
2003 - 2016 RicardoCarvalho Fc Leca - Porto - Vitoria Setubal - Fc Alverca - Porto - Chelsea - Real Madrid - As Monaco - Shanghai 89 D
89%
2005 - 2015 RicardoCosta Porto - Wolfsburg - Losc - Valence - Al Sailiya - Paok - Grenade - Lucerne - Tondela - Boavista 22 D
89%
2015 - 2019 RicardoPereira Vitoria Guimaraes - Porto - Nice - Porto - Leicester 7 D
89%
2003 - 2018 RicardoQuaresma Sporting Lisbonne - Barcelone - Porto - Inter - Chelsea - Inter - Besiktas - Al Ahli - Porto - Besiktas - Kasimpasa - Vitoria Guimaraes 79 A
89%
2024 - SamuCosta Almeria - Mallorque 2 M
89%
2002 - 2015 TiagoMendes Braga - Benfica - Chelsea - Ol - Juventus - Atletico Madrid 66 M
89%
2013 - 2022 WilliamCarvalho Fatima - Cercle Brugges - Sporting Lisbonne - Betis Seville - Pachuca 80 M
89%
2018 - 2018 ClaudioRamos Amarante - Tondela - Porto 1 G
78%
2024 - FranciscoConceicao Porto - Ajax - Porto - Juventus 13 A
78%
2023 - GoncaloInacio Sporting Lisbonne 19 D
78%
2022 - GoncaloRamos Benfica - Psg 22 A
78%
2014 -2022 Jose Fonte Fc Felgueiras - Vitoria Setubal - Pacos De Ferreira - Cf Estrela - Crystal Palace - Southampton - West Ham - Dalyan Yifang - Losc - Braga - Casa Pia 50 D
78%
2013 - 2018 Luis Neto Varzim - Cd Nacional - Sienna - Zenith - Fenerbahce - Zenith - Sporting Lisbonne 19 D
78%
2020 - PedroNeto Braga - Lazio - Wolverhampton - Chelsea 21 A
78%
2014 - 2023 RaphaelGuerreiro Caen - Lorient - Borussia Dortmund - Bayern Munich 65 D
78%
2014 - 2018 AndreGomes Benfica - Valence - Barcelone - Everton - Losc - Everton - Losc 29 M
67%
2015 - 2021 AnthonyLopes Ol - Nantes 15 G
67%
2021 - DiogoDalot Porto - Manchester United - Milan - Manchester United 31 D
67%
2012 - 2018 Eder Academica Coimbra - Braga - Swansea - Losc - Lokomotiv Moscou - Al Raed 35 A
67%
2019 - JoaoFelix Benfica - Atletico Madrid - Chelsea - Barcelone - Chelsea - Milan- Al Nassr 50 A
67%
2018 - 2022 MarioRui Fatima - Gubbio - Spezia - Empoli - Roma - Napoli 12 D
67%
2012 - 2012 MiguelLopes Rio Ave - Porto - Betis Seville - Braga - Porto - Sporting Lisbonne - Ol - Sporting Lisbonne - Grenade - Akhisar Belediyespor - Kayserispor - Estrela Amadora 4 D
67%
1996 - 2011 Nuno Gomes Boavista - Benfica - Fiorentina - Benfica - Braga - Blackburn 79 A
67%
2021 - RafaelLeao Sporting Lisbonne - Losc - Milan 43 A
67%
2017 - 2018 RonyLopes Manchester City - Losc - Monaco - Losc - Monaco - Seville - Nice - Olympiakos - Troyes - Braga - Alanyaspor - Farense 2 A
67%
2014 - 2014 TiagoGomes Cf EStrela - Zaglebie Lubin - Osasuna - Belenenses - Estoril Praia - Braga - Metz - Appolon Limassol - Feirense - Cluj - Fc Alverca - 1 D
67%
2015 - 2015 AndreAndre Varzim - Rc Deportivo B - Varzim - Vitoria Guimaraes - Porto - Vitoria Guimaraes - Al Itthiad - Vitoria Guimaraes - Leixoes 4 M
56%
2013 - 2013 AndreMartins Real Sc - Belenenses - Pinhalnovense - Sporting - Olympiakos - Legia Varsovie - Hapoel Beer Sheva 2 M
56%
2006 - 2013 Carlos Martins Sporting Lisbonne - Academica Coimbra - Sporting Lisbonne - Huelva - Benfica - Grenade - Benfica - Belenenses 17 M
56%
2014 - 2021 CedricSoares Sporting - Academico Coimbra - Sporting - Southampton - Inter - Southampton - Arsenal - Fulham - Arsenal - Sao Paulo 34 D
56%
2003 - 2010 Deco Nacional Sao Paulo - Corinthias - Alverca - Salgueiros - Porto - Barcelone - Chelsea - Fluminense 75 M
56%
2009 - 2017 FabioCoentrao Rio Ave - Benfica - Cd Nacional - Real Saragosse - Rio Ave - Benfica - Real Madrid - Monaco - Real Madrid - Sporting Lisbonne - Rio Ave 52 D
56%
2016 - 2018 GelsonMartins Sporting Lisbonne - Atletico Madrid - Monaco - Olympiakos 21 A
56%
2015 - 2022 GoncaloGuedes Benfica - Psg - Valence - Wolverhampton - Benfica - Villarreal - Wolverhampton - Real Sociedad 32 A
56%
2015 - NelsonSemedo Fatima - Benfica - Barcelone - Wolverhampton - Fenerbahce 48 D
56%
2024 - NunoTavares Benfica - Arsenal - Om - Nottingham Forrest - Lazio 3 D
56%
2006 - 2014 RaulMeireles Desportivo Arves - Boavista - Porto - Liverpool - Chelsea - Fenerbahce 75 M
56%
2009 - 2018 Rolando Belenenses - Porto - Napoli - Inter - Porto - Anderlecht - Om - Braga 21 D
56%
2020 - 2020 RubenSemedo Sporting B - CF Reus Deportiu - Vitoria Setubal - Sporting - Villarreal - Huesca - Rio Ave - Olympiakos - Porto - Al Duhail- Al Markhiya - Al Khor - Al Markhiya 3 D
56%
2020 - Trincao Braga - Barcelone - Wolverhampton - Sporting Lisbonne 15 A
56%
2013 - 2015 AndreAlmeida Belenenses - Ud Leiria - Benfica 8 D
44%
2017 - 2024 Bruma Sporting Lisbonne - Galatasaray - Gaziantepsor - Galatasaray - Real Sociedad - Galatasaray - Rb Leipzig - Psv - Olympiakos - Psv - Fenerbahce - Braga - Benfica 12 A
44%
2007 - 2018 BrunoAlves Farense - Vitoria Guimaraes - Aek Athenes - Porto - Zenith - Fenerbahce - Cagliari - Glasgow Rangers - Parma - Appolon Smyrnis 96 D
44%
2008 - 2016 Danny Maritimo - Sporting Lisbonne - Maritimo - Sporting Lisbonne - Dynamo Moscou - Zenith - Slavia Prague - Maritimo 38 M
44%
2003 - 2014 HelderPostiga Porto - Tottenham - Porto - Saint Etienne - Porto - Panathinaikos - Sporting Lisbonne - Real Saragosse - Valence - Lazio - La Corogne - Kolkata - Rio Ave - Kolkata 71 A
44%
2004 - 2015 HugoAlmeida Ud Leiria - Porto - Ud Leiria - Porto - Boavista - Porto - Werder Breme - Besiktas - Cesena - Ruban Krasnodar - Anzhi - Hannover - Aek Athenes - Hadjuk Split - Academica Coimbra 57 A
44%
2021 - JoaoPalhinha SSporting B - Moreirense - Belenenses - Sporting - Braga - Sporting - Fulham - Bayern Munich - Tottenham 37 M
44%
2021 - Matheus Nunes Sporting Lisbonne - Wolverhampton - Manchester City 17 D/M
44%
2012 - 2017 NelsonOliveira Rio Ave - Pacos De Ferreira - Benfica - La Corogne - Benfica - Rennes - Swansea - Nottingham Forrest - Norwich - Reading - Aek Athenes - Paok - Konyaspor - Vitoria Guimaraes 17 A
44%
2021 - Otavio Internacional - Porto - Vitoria Guimaraes - Porto - Al Nassr - Al Qadsiah 22 M/A
44%
2015 - 2015 PauloOliveira Penafiel - Vitoria Guimaraes - Sporting Lisbonne - Sd Eibar - Braga 1 D
44%
2021 - PedroGoncalves Wolverhampton - Famalicao - Sporting Lisbonne 4 A
44%
2024 - RenatoVeiga Sporting B - Fc Augsburg - Fc Bale - Chelsea - Juventus - Villarreal 9 D
44%
2014 - 2023 RicardoHorta Vitoria Setubal - Malaga - Braga 12 A
44%
2018 - 2021 SergioOliveira Porto - Beira Mar - Kv Mechelen - Penafiel - Porto B - Pacos Ferreira - Porto - Nantes - Porto - Paok - Porto - Roma - Galatasaray - Olympiakos - Sport Recife 13 M
44%
2011 - 2011 AndréSantos Ud Leiria - Sporting Lisbonne - La Corogne - Vitoria Guimaraes - Balikesirspor - Fc Metz - Rio Ave - Uni Craiova - Belenenses - Grasshopper - Vitoria Setubal - Olivereinse 2 M
33%
2025 - CarlosForbs Manchester U21 - Ajax - Wolverhampton - Club Bruges 1 A
33%
2009 - 2017 Eliseu Belenenses - Varzim - Belenenses - Malaga - Lazio - Real Saragosse - Malaga - Benfica 29 D
33%
2014 - 2014 IvanCavaleiro Benfica - La Corogne - Monaco - Wolverhampton - Fulham - Alanyaspor - Losc - Rb Bragantino - Stal Mielec 2 A
33%
2014 - 2023 JoaoMario Vitoria Setubal - Sporting Lisbonne - Inter - West Ham - Inter - Lokomotiv Moscou - Sporting Lisbonne - Benfica - Besiktas - Aek Athenes 56 M
33%
2023 - 2024 JoaoMario Porto - Juventus 2 D
33%
2015 - 2015 LucasJoao Mirandela - Cd Nacional - Sheffield Wednesday - Balckburn - Sheffield Wednesday - Reading - Shanghai Port - Umm Salal - Persepolis - Umraniyespor 2 A
33%
2007 - 2015 Miguel Veloso Moscavide - Sporting Lisbonne - Genoa - Dynamo Kyev - Genoa - Hellas Verone - Pise 56 M
33%
2012 - 2019 Pizzi Covilha - Pacos de Ferreira - Braga - Atletico Madrid - La Corogne - Espanyol Barcelone - Benfica - Basaksehir - Al Wahda - Braga - Apoel 17 M
33%
2010 - 2014 Ruben Amorim Belenenses - Benfica - Braga - Benfica - Al Wakrah 14 M
33%
1998 - 2010 Simao Sporting Lisbonne - Barcelone - Benfica - Atletico Madrid - Besiktas - Espanyol Barcelone - North East India 85 A
33%
2020 - 2020 DanielPodence Moreirense - Sporting - Olympiakos - Wolverhampton - Olympiakos - Al Shabab 1 A
22%
2019 - 2019 DyegoSousa Leixoes - Tondela - Portimonense - Maritimo - Braga - Shenzen - Benfica - Famalicao - Almeria - Alcoron - Cd Nacional 2 A
22%
2017 - 2017 Edgar Ié Barca B - Villarreal B - Belenenses - Losc - Nantes - Trabzonspor - Feyenoord - Trabzonspor - Basaksehir -Dinamo Bucarest 1 D
22%
2010 - 2010 Hilario Porto - Cf Estrela - Porto - Varzim - Acadeim Coimbra - Cd Nacional - Chelsea 1 G
22%
2007 - 2015 Jose Bosingwa Freamunde - Boavista - Porto - Chelsea - Qpr - Trabzonspor 27 D
22%
2017 - 2018 KevinRodrigues Dijon - Real Sociedad - Cd Leganes - Sd Eibar - Rayo Vallecano - Adana Demirspor - Al Qadsiah - Kasimpasa 3 D
22%
2020 - Paulinho Santa Maria - Trofense - Gil Vicente - Braga - Sporting Lisbonne - Toluca 3 A
22%
2010 - 2013 PauloMachado Porto - Estrela Amadora - Academica Coimbra - Leixoes - Saint Etienne - Toulouse - Olympiakos - Dianmo Zagreb - Desportivo Aves - Mumbay City - Leixoes 6 M
22%
2002 - 2010 Paulo Ferreira Vitoria Setubal - Porto - Chelsea 62 D
22%
2017 - 2017 RicardoFerreira Empoli - Olhanense - Pacos Ferreira - Braga - Belenenses - Farense 1 D
22%
2010 - 2015 SilvestreVarela Sporting Lisbonne - Vitoria Setubal - Huelva - Estrela - Porto - West Bromwich - Parma - Porto - Kayserispor - Belenenses - Porto B 27 A
22%
2024 - 2024 TiagoDjalo Sporting B - Milan U19 - Losc - Juventus - Porto 1 D
22%
2024 - TomasAraujo Benfica B - Gil vicente - Benfica 1 D
22%
2013 - 2016 Vieirinha Fc Marco - Portoi - Leixoes - Paok - Wolfsburg - Paok 25 D/M/A
22%
2010 - 2010 YannickDjalo Sporting Lisbonne - Benfica - Toulouse - Sj Earthquakes - Morovia Saransk - Ratchaburi - Vitoria Setubal - Ratchaburi 1 A
22%
2009 - 2018 Beto Fc Marco - Leixoes - Porto - Cluj - Braga - Seville - Sporting Lisbonne - Goztepe - Leixoes - Farense - Helsinki Ifk 16 G
11%
2020 - 2021 DomingosDuarte Sporting B - Belenenses - Chaves - La Corogne - Granada - Getafe 3 D
11%
2007 - 2010 Duda Vitoria Guimaraes - Cadiz - Malaga - Levante - Malaga - Seville - Malaga 17 D/M
11%
2009 - 2016 Eduardo Sc Beira Mar - Vitoria Setubal - Braga - Genoa - Benfica - Istanbul Basksehir - Braga - Dinamo Zagreb - Chelsea - Vitesse - Braga 36 G
11%
2017 - 2019 GonçaloPaciencia Porto B - Academica Coimbra - Olympiakos - Rio Ave - Vitoria Setubal - Porto - Eintracht Frankfurt - Schalke 04 - Eintracht Frankfurt - Celta Vigo - Bochum - Hiroshima - Sport Recife 2 A
11%
2001 - 2012 HugoViana Sporting - Newcastle - Sporting - Valence - Osasuna - Valence - Braga - Al Ahli - Al Wasl 29 M
11%
2013 - 2013 Lica Academica Coimbra - Trofense - Estoril Praia - Porto - Rayo Vallecano - Vitoria Guimaraes - Nottingham Forrest - Estoril Praia - Grenade - Belenenses - Farense - Belenenses 1 A
11%
2009 - 2010 Liedson Prudentopolis - Coritiba - Flamengo - Corinthias - Sporting Lisbonne - Corinthias - Flamengo - Porto - Flamengo 15 A
11%
2003 - 2010 Miguel Cf Estrela - Benfica - Valence 59 D
11%
2011 - 2013 RubenMicael Cd Nacional - Porto - Real Saragosse - Braga - Shenzen - Maccabi Tel Aviv - Pacos Ferreira - Vitoria Setubal - Cd Nacional 16 M
11%
2010 - 2013 Silvio Ac Cacem - Oldivelas - Rio Ave - Braga - Atletico Madrid - La Corogne - Benfica - Wolverhampton - Braga B - Vitoria Setubal - Vitoria Guimaraes - Vilafranquese 8 D
11%
2023 - 2024 Toti Estoril Praia - Grassopher - Wolverhampton 2 D
11%
2015 - 2015 Andre Pinto Santa Clara - Vitoria Setubal - Portimonense - Olhanense - Panathinaikos - Braga - Sporting - Al Fateh - Farense - Dinamo Bucarest 1 D
0%
2008 - 2017 Antunes Pacos De Ferreira - Roma - Lecce - Leixoes - Livorno - Panionios - Pacos De Ferreira - Malaga - Dynamo Kyev - Getafe - Sporting Lisbonne - APcos De Ferreira 13 D
0%
2012 - 2013 Custodio Sporting Lisbonne - Dynamo Moscou - Vitoria Guimaraes - Braga - Akhisarspor 10 M
0%
2015 - 2015 Daniel Carriço Olhanense - Limassol - Sporting Lisbonne - Reading - Seville - Wuhan Zall - Almeria 1 D
0%
2009 - 2014 Edinho Braga - Pacos de Ferreira - Gil Vicente - Vitoria Setubal - Aek Athenes - Malaga - Paok - Malaga - Maritimo - Acedemica Coimbra - Braga - Kayseri Erciyesspor - Sanliufarspor - Vitoria Setubal - Feirense - Cova Piedade - Sc Uniao Torreense 6 A
0%
2012 - 2012 HelderBarbosa Porto - Academica Coimbra - Porto - Trofense - Vitoria Setubal - Braga - Almeria - Aek Athenes - Al Wasl - Akhisarspor - Hatayspor - Panetolikos - Varzim 1 A
0%
2013 - 2014 Josue Covilha - Penafiel - VVV Venlo - Pacos de Ferreira - Porto - Bursaspor - Braga - Galatasaray - Osmanlispor - Akhisarspor - Hapoel Beer Sheva - Legia Varsovie - Coritiba 4 M
0%
2017 - 2017 Marafona Varzim - Maritimo - Desportivo Aves - Moreirense - Pacos Ferreira - Braga - Alanyaspor - Pacos Ferreira 1 G
0%
2009 - 2012 Nelson Sc Salgueiros - Boavista - Benfica - Betis Seville - Osasuna - Betis Seville - Palerme - Almeria - Belenenses - Ad Alcorcon - Aek Larnaca 4 D
0%
2013 - 2013 Sereno Vitoria Guimaraes - Real Valladolid - Porto - Cologne - Real Valladolid - Kayserispor - Kolkata - Almeria - Chennaiyin 2 D
0%
2006 - 2010 Tonel Academica Coimbra - Maritimo - Sporting Lisbonne - Dinamo Zagreb - Beira Mar - Farense - Belenenses 2 D
0%
2015 - 2015 Ukra Varzim - Olhanense - Porto - Braga - Rio Ave - Al Fateh - Cska Sofia - Santa Clara - Rio Ave - 1 A
0%
Aucun quiz correspondant
Distribution des résultats
% des personnes avec chaque résultat
Percentile par nombre de réponses
Votre historique - résultats
Vous n’avez pas pris ce quiz depuis la dernière actualisation